Juegos de interacción para adolescentes, jovenes y adultos : (Record no. 85782)
[ view plain ]
| 000 -CABECERA | |
|---|---|
| campo de control de longitud fija | 00773nam a2200241 a 4500 |
| 005 - FECHA Y HORA DE LA ÚLTIMA TRANSACCIÓN | |
| campo de control | 20221126063603.0 |
| 008 - ELEMENTOS DE LONGITUD FIJA--INFORMACIÓN GENERAL | |
| campo de control de longitud fija | 010716s1998 mx r 000 0 spa d |
| 020 ## - NÚMERO INTERNACIONAL NORMALIZADO PARA LIBROS | |
| Número Internacional Estándar del Libro | 8483160021 |
| 035 ## - NÚMERO DE CONTROL DEL SISTEMA | |
| Número de control de sistema | UPN01000111874 |
| 049 ## - COLECCIÓN | |
| Colección | CG |
| 050 #4 - SIGNATURA TOPOGRÁFICA DE LA BIBLIOTECA DEL CONGRESO | |
| Número de clasificación | HM134 |
| Número de documento/Ítem | A5.4 no.7 1998 |
| 100 1# - ASIENTO PRINCIPAL--NOMBRE PERSONAL | |
| Nombre de persona | Vopel, Klaus W. |
| 9 (RLIN) | 29492 |
| 245 10 - MENCIÓN DE TÍTULO | |
| Título | Juegos de interacción para adolescentes, jovenes y adultos : |
| Resto del título | motivación. confianza. sinceridad / |
| Mención de responsabilidad, etc. | Klaus W. Vopel. |
| 250 ## - MENCIÓN DE EDICIÓN | |
| Mención de edición | 2a. ed. |
| 260 ## - PUBLICACIÓN, DISTRIBUCIÓN, ETC. | |
| Lugar de publicación, distribución, etc. | Madrid : |
| Nombre del editor, distribuidor, etc. | CCS, |
| Fecha de publicación, distribución, etc. | 1998. |
| 300 ## - DESCRIPCIÓN FÍSICA | |
| Extensión | 189 p. : |
| Otras características físicas | il. |
| 440 #0 - MENCIÓN DE SERIE/ASIENTO SECUNDARIO--TÍTULO | |
| Título | Animación de grupos ; |
| Designación de volumen o secuencia | 7 |
| 534 ## - NOTA SOBRE LA VERSIÓN ORIGINAL | |
| Frase introductoria | Traducción de: |
| Mención de título del original | Interaktionsspiele für jugendliche |
| 650 #4 - ASIENTO SECUNDARIO DE MATERIA - TERMINO TEMATICO | |
| Término de materia o nombre geográfico como elemento de entrada | JUEGOS EN GRUPOS |
| 9 (RLIN) | 6711 |
| 650 #2 - ASIENTO SECUNDARIO DE MATERIA - TERMINO TEMATICO | |
| Término de materia o nombre geográfico como elemento de entrada | Interacción |
| 9 (RLIN) | 3027 |
| 650 #7 - ASIENTO SECUNDARIO DE MATERIA - TERMINO TEMATICO | |
| Término de materia o nombre geográfico como elemento de entrada | Motivación (Psicología) |
| Fuente del encabezamiento o término | |
| 9 (RLIN) | 5909 |
| 905 ## - TIPO DE MATERIAL | |
| Tipo de material | Libro |
| Estado de retiro | Estado de pérdida | Fuente del sistema de clasificación o colocación | Estado dañado | No para préstamo | Código de colección | Localización permanente | Ubicación/localización actual | Ubicación en estantería | Total de préstamos | Clasificación | Código de barras | Fecha visto por última vez | Número de copia | Tipo de ítem Koha |
|---|---|---|---|---|---|---|---|---|---|---|---|---|---|---|
| Library of Congress Classification | Colección General | Bib. Gregorio Torres Quintero | Bib. Gregorio Torres Quintero | Planta baja | 35 | HM134 A5.4 no.7 1998 | 176755 | 31/12/2020 | 1 | Libro | ||||
| Library of Congress Classification | Colección General | Bib. Gregorio Torres Quintero | Bib. Gregorio Torres Quintero | Planta baja | 42 | HM134 A5.4 no.7 1998 | 176756 | 31/12/2020 | 1 | Libro | ||||
| Library of Congress Classification | Colección General | Bib. Gregorio Torres Quintero | Bib. Gregorio Torres Quintero | Planta baja | 35 | HM134 A5.4 no.7 1998 | 204743 | 31/12/2020 | 1 | Libro | ||||
| Library of Congress Classification | Colección General | Bib. Gregorio Torres Quintero | Bib. Gregorio Torres Quintero | Planta baja | 40 | HM134 A5.4 no.7 1998 | 218196 | 31/12/2020 | 1 | Libro |
